000 00962cam a2200289 4500
008 090401t1994 xxu||||| |||| 00| 0 eng d
020 _a9282678334
035 _a(Sirsi) u58866
041 _aeng
050 _a338.4369094
110 _aEurope
_bEuropean Communities Commission
_9698
245 _aStrategies for the European construction sector: a programme for change.
260 _aLuxembourg
_bOffice for Official Publications
_c1994
300 _axii,159p. ; 30cm.
350 _a40
520 _aReport compiled for the European Commission by W S Atkins International Ltd. - Published jointly with Construction Europe
650 _aBUILDING INDUSTRY
650 _aCONSTRUCTION EUROPE
650 _aCONSTRUCTION INDUSTRY
650 _aEUROPE
650 _aEUROPEAN COMMUNITY
650 _aW S ATKINS INTERNATIONAL LTD
690 _aOVERSEAS-EUROPE
710 _aW S Atkins International Ltd.
_93134
942 _n0
948 _c04/03/1997
999 _c94115
_d94115